000 02583cam a2200481 a 4500
003 CHAP
005 20220329142228.0
008 000229d1995 jp r 10100 eng d
010 _a80196
011 _a81168
035 _a91630
040 _cCHAP
082 0 4 _a301.026
_bR4
111 0 0 _aResearch Committee on Sociology of Law. Annual Meeting
_n( :
_d1995 :
_cTokyo, Japan)
_996064
245 1 0 _aLegal culture :
_bencounters and transformation : proceedings
_c/by Research Committee on Sociology of Law. International Sociological Association
260 _aTpkyo, Japan :
_bResearch Committee on Sociology of Law,
_c1995
300 _av.
500 _aLa biblioteca tiene : Supplement 1-2, 4-5
500 _aLa biblioteca tiene : v.1 Papers section meetings. A.B.C.--v.2 Papers section meeting. D.E.F.G.--v.3 Papers section meetings. H.I.J.--v.4 Papers section meetings. K.L.--v.5 Papers section meetings. M.N.--v.6 Papers section meetings. O.Pa.Pb.--v.7 Papers section meetings. Q.S.--Symposiums.-- Program plenary papers list of participants
590 _aBATCH-UPD
_b10
_c20130110
_lUCH01
_h0829
590 _aBATCH-UPD
_b10
_c20130410
_lUCH01
_h0507
590 _aBATCH-UPD
_b10
_c20130914
_lUCH01
_h1718
590 _aCONVERSION
_b10
_c20130109
_lUCH01
_h1345
650 1 4 _aLegislación social.
_965666
650 1 4 _aSeguridad social.
_9103676
710 0 _aInternational Sociological Association.
_959830
901 _aBK
905 _aLilia Sánchez G.
942 _cLIBRO
949 _a301.026 R4
_bBC
_cLIBRO
_d33724000747333
_eLIBRO
_fSupp.2
_h96868
_i91630
_sb
949 _a301.026 R4
_bBC
_cLIBRO
_d33724000747341
_eLIBRO
_fSupp.1
_h96867
_i91630
_sb
949 _a301.026 R4
_bBC
_cLIBRO
_d33724000747358
_eLIBRO
_fv.7
_h96876
_i91630
_sb
949 _a301.026 R4
_bBC
_cLIBRO
_d33724000747366
_eLIBRO
_fv.6
_h96875
_i91630
_sb
949 _a301.026 R4
_bBC
_cLIBRO
_d33724000747374
_eLIBRO
_fv.5
_h96874
_i91630
_sb
949 _a301.026 R4
_bBC
_cLIBRO
_d33724000747382
_eLIBRO
_fv.4
_h96873
_i91630
_sb
949 _a301.026 R4
_bBC
_cLIBRO
_d33724000747390
_eLIBRO
_fv.3
_h96872
_i91630
_sb
949 _a301.026 R4
_bBC
_cLIBRO
_d33724000747408
_eLIBRO
_fv.2
_h96871
_i91630
_sb
949 _a301.026 R4
_bBC
_cLIBRO
_d33724000747416
_eLIBRO
_fv.1
_h96865
_i91630
_sb
949 _a301.026 R4
_bBC
_cLIBRO
_d33724000747424
_eLIBRO
_fSymposiums
_h96865
_i91630
_sb
949 _a301.026 R4
_bBC
_cLIBRO
_d33724000747432
_eLIBRO
_fPrograma
_h96914
_i91630
_si
949 _a301.026 R4
_bBC
_cLIBRO
_d33724000747556
_eLIBRO
_fSupp.5
_h96870
_i91630
_sb
949 _a301.026 R4
_bBC
_cLIBRO
_d33724000747564
_eLIBRO
_fSupp.4
_h96869
_i91630
_sb
999 _c80196
_d80196